[Event "Bratto Martesana op"]
[Site "Bratto"]
[Date "2006.11.18"]
[Round "4"]
[White "Manzoni, Alessandro"]
[Black "Bonazzi, Edoardo"]
[Result "0-1"]
[WhiteElo "2074"]
[BlackElo "2142"]
[PlyCount "154"]
[EventDate "2006.11.11"]
[EventType "swiss"]
[EventRounds "6"]
[EventCountry "ITA"]
[SourceTitle "EXT 2008"]
[Source "ChessBase"]
[SourceDate "2007.11.25"]
[SourceVersion "1"]
[SourceVersionDate "2007.11.25"]
[SourceQuality "1"]

1. e4 c5 2. Nc3 Nc6 3. g3 g6 4. Bg2 Bg7 5. f4 d6 6. Nf3 e6 7. 0-0 Nge7 8. d3 0-0 9. Ne2 f5 10. c3 Rb8 11. Be3 b6 12. h3 Ba6 13. Re1 h6 14. g4 c4 15. exf5 gxf5 16. dxc4 Bxc4 17. Ned4 Bd5 18. Qe2 Qd7 19. g5 Nxd4 20. Bxd4 Ng6 21. Qd2 Rbd8 22. Bxg7 Qxg7 23. Re2 Bxf3 24. Bxf3 e5 25. gxh6 Qxh6 26. Rg2 Kh7 27. fxe5 dxe5 28. Qxh6+ Kxh6 29. Rf1 Nf4 30. Rc2 Rd3 31. Kh2 Rg8 32. Rcf2 e4 33. Bg4 fxg4 34. Rxf4 Rxh3+ 35. Kg2 Re3 36. Rf6+ Rg6 37. Rh1+ Kg5 38. Rf7 Re2+ 39. Kg3 Rxb2 40. Rxa7 Rd2 41. Re1 Rd3+ 42. Kg2 Re6 43. Rg7+ Kf5 44. Rf7+ Kg6 45. Rf4 Kg5 46. Rfxe4 Rxe4 47. Rxe4 Rxc3 48. Rb4 Rc6 49. Kg3 Rc3+ 50. Kg2 Rc2+ 51. Kg3 Rc3+ 52. Kg2 Kh4 53. Rb2 b5 54. Rd2 b4 55. Rb2 Rc4 56. Rd2 Kg5 57. Kg3 Kf5 58. Rb2 Ke5 59. Rd2 Rd4 60. Rb2 Kd5 61. Rc2 Rc4 62. Rd2+ Kc5 63. Rb2 Kd4 64. Kg2 Kc5 65. Kg3 Kb5 66. Kg2 Ka4 67. Kg3 Ka3 68. Re2 Rc1 69. Kxg4 Ra1 70. Re8 Kxa2 71. Kf3 Rd1 72. Ke2 Rd7 73. Ra8+ Kb2 74. Ke1 b3 75. Ke2 Kb1 76. Rb8 b2 77. Rc8 Ra7 0-1

[Event "Bratto Gorgonzola op"]
[Site "Bratto"]
[Date "2005.11.19"]
[Round "4"]
[White "Bertazzo, Giorgio"]
[Black "Manzoni, Alessandro"]
[Result "1-0"]
[WhiteElo "2137"]
[BlackElo "2074"]
[PlyCount "167"]
[EventDate "2005.11.12"]
[EventType "swiss"]
[EventRounds "7"]
[EventCountry "ITA"]
[SourceTitle "EXT 2007"]
[Source "ChessBase"]
[SourceDate "2006.11.23"]
[SourceVersion "1"]
[SourceVersionDate "2006.11.23"]
[SourceQuality "1"]

1. e4 d6 2. d4 Nf6 3. Nc3 g6 4. Be3 c6 5. h3 b5 6. e5 Nfd7 7. f4 Nb6 8. b3 Bh6 9. Nf3 b4 10. Ne4 Nd5 11. Qd2 a5 12. Bd3 0-0 13. c4 Nxe3 14. Qxe3 Qc7 15. 0-0 f6 16. exd6 exd6 17. Ng3 Bd7 18. Ne2 Na6 19. Nh4 Rae8 20. Qg3 Bc8 21. Kh1 Qe7 22. Rf3 Qf7 23. Qf2 f5 24. g3 Bg7 25. Rd1 Nc7 26. Ng2 Re7 27. Re3 Rfe8 28. Rxe7 Rxe7 29. Kg1 Qe8 30. Kf1 Ne6 31. Bb1 Nf8 32. Rd3 Nd7 33. Re3 Nf6 34. Rxe7 Qxe7 35. Qe3 Kf7 36. Qxe7+ Kxe7 37. Kf2 d5 38. Bd3 Ne4+ 39. Ke3 Be6 40. c5 Bc8 41. Nh4 Nf6 42. Nf3 Nd7 43. Neg1 Bf6 44. Ne2 h6 45. h4 Ke6 46. Ne1 Be7 47. Nf3 Bd8 48. Ne1 Nf6 49. Nc2 Ne4 50. Ne1 g5 51. hxg5 hxg5 52. Nf3 gxf4+ 53. gxf4 Bd7 54. Ne5 Be8 55. Ba6 Bc7 56. Bc8+ Ke7 57. Bxf5 Nf6 58. Ng3 Ng8 59. Bc8 Kf6 60. Bb7 Ne7 61. Ba6 Bb8 62. Bd3 Bc7 63. Kf3 Bb8 64. Kg4 Bc7 65. Nf1 Kg7 66. Ne3 Kf6 67. Kh4 Bd8 68. Kg3 Bc7 69. N3g4+ Ke6 70. Ne3 Kf6 71. Kg4 Bd8 72. Nc2 Ng8 73. Ne3 Nh6+ 74. Kg3 Ng8 75. N3g4+ Ke6 76. f5+ Ke7 77. Kf4 Bc7 78. Kg5 Bd8 79. f6+ Kf8 80. Ba6 Bc7 81. Bb7 Bd8 82. Bxc6 Bxc6 83. Nxc6 Bc7 84. Nge5 1-0

[Event "Bratto Gorgonzola op"]
[Site "Bratto"]
[Date "2005.11.13"]
[Round "3"]
[White "Manzoni, Alessandro"]
[Black "Tencati, Giuseppe"]
[Result "0-1"]
[WhiteElo "2074"]
[BlackElo "2132"]
[PlyCount "88"]
[EventDate "2005.11.12"]
[EventType "swiss"]
[EventRounds "7"]
[EventCountry "ITA"]
[SourceTitle "EXT 2007"]
[Source "ChessBase"]
[SourceDate "2006.11.23"]
[SourceVersion "1"]
[SourceVersionDate "2006.11.23"]
[SourceQuality "1"]

1. e4 e6 2. Nc3 d5 3. g3 Nf6 4. exd5 exd5 5. d4 c6 6. Bg2 Bd6 7. Nge2 0-0 8. 0-0 Bg4 9. h3 Bxe2 10. Nxe2 Re8 11. Be3 Nbd7 12. Qd3 Ne4 13. Bf4 Ndf6 14. Kh2 Re7 15. f3 Bxf4 16. Nxf4 Nxg3 17. Kxg3 Qd6 18. Qf5 g6 19. Qg5 Nh5+ 20. Kf2 Nxf4 21. Rfe1 Rae8 22. Rxe7 Rxe7 23. Kg1 Ne2+ 24. Kh1 Nxd4 25. Qd2 Nf5 26. Re1 Rxe1+ 27. Qxe1 Qe7 28. Qa5 a6 29. Qb6 Qe1+ 30. Kh2 Qg3+ 31. Kg1 Nh4 32. Qf2 Qxg2+ 33. Qxg2 Nxg2 34. Kxg2 f5 35. Kg3 Kf7 36. h4 Kf6 37. f4 h6 38. a4 g5 39. hxg5+ hxg5 40. fxg5+ Kxg5 41. b4 f4+ 42. Kf3 Kf5 43. c3 Ke5 44. a5 Kf5 0-1

[Event "Bratto op 25th"]
[Site "Bratto"]
[Date "2005.08.28"]
[Round "9"]
[White "Manzoni, Alessandro"]
[Black "Tencati, Giuseppe"]
[Result "1/2-1/2"]
[WhiteElo "2086"]
[BlackElo "2109"]
[PlyCount "95"]
[EventDate "2005.08.20"]
[EventType "swiss"]
[EventRounds "9"]
[EventCountry "ITA"]
[SourceTitle "CBM 108 Extra"]
[Source "ChessBase"]
[SourceDate "2005.11.04"]
[SourceVersion "1"]
[SourceVersionDate "2005.11.04"]
[SourceQuality "1"]

1. e4 e6 2. Nc3 d5 3. g3 Nf6 4. Bg2 Be7 5. d3 c5 6. Nge2 Nc6 7. 0-0 dxe4 8. Nxe4 Nxe4 9. Bxe4 Bd7 10. Bd2 Bf6 11. c3 Rc8 12. Be3 b6 13. f4 0-0 14. g4 g6 15. Ng3 Bg7 16. f5 exf5 17. gxf5 Ne5 18. Qd2 Ng4 19. Bf4 Bc6 20. Rad1 Bxe4 21. dxe4 Qxd2 22. Rxd2 Ne5 23. Bxe5 Bxe5 24. Rd7 Rc7 25. Rxc7 Bxc7 26. Rd1 Rd8 27. Rxd8+ Bxd8 28. c4 Kg7 29. Kg2 Kf6 30. Kf3 Ke5 31. fxg6 fxg6 32. Ne2 Bg5 33. Nc3 Kd4 34. Nb5+ Kxc4 35. Nxa7 b5 36. e5 Kd5 37. Nxb5 Kxe5 38. a4 Bd8 39. Ke3 Kd5 40. b3 Ba5 41. Na3 g5 42. Nc4 Bc7 43. h3 h5 44. a5 Kc6 45. a6 Bb8 46. Ke4 g4 47. hxg4 hxg4 48. a7 1/2-1/2

[Event "Gorgonzola op 9th"]
[Site "Gorgonzola"]
[Date "2004.11.14"]
[Round "2"]
[White "Mrdja, Milan"]
[Black "Manzoni, Alessandro"]
[Result "1-0"]
[WhiteElo "2420"]
[BlackElo "2100"]
[PlyCount "43"]
[EventDate "2004.11.13"]
[EventType "swiss"]
[EventRounds "6"]
[EventCountry "ITA"]
[SourceTitle "EXT 2007"]
[Source "ChessBase"]
[SourceDate "2006.11.23"]
[SourceVersion "1"]
[SourceVersionDate "2006.11.23"]
[SourceQuality "1"]

1. e4 d6 2. d4 Nf6 3. Nc3 g6 4. f4 Bg7 5. Nf3 c5 6. e5 Ng4 7. dxc5 0-0 8. h3 Nh6 9. cxd6 exd6 10. Qxd6 Qxd6 11. exd6 Bxc3+ 12. bxc3 Nf5 13. Kf2 Nxd6 14. Bd3 Re8 15. Ba3 Ne4+ 16. Bxe4 Rxe4 17. Rhe1 Rc4 18. Re8+ Kg7 19. Bf8+ Kf6 20. Nd2 Rxf4+ 21. Ke3 g5 22. Rxc8 1-0

[Event "Gorgonzola op 9th"]
[Site "Gorgonzola"]
[Date "2004.11.13"]
[Round "1"]
[White "Manzoni, Alessandro"]
[Black "Facchetti, Gianni"]
[Result "1/2-1/2"]
[WhiteElo "2100"]
[BlackElo "2203"]
[PlyCount "129"]
[EventDate "2004.11.13"]
[EventType "swiss"]
[EventRounds "6"]
[EventCountry "ITA"]
[SourceTitle "EXT 2007"]
[Source "ChessBase"]
[SourceDate "2006.11.23"]
[SourceVersion "1"]
[SourceVersionDate "2006.11.23"]
[SourceQuality "1"]

1. e4 e5 2. Nc3 d6 3. g3 g6 4. Bg2 Bg7 5. Nge2 Ne7 6. d3 0-0 7. 0-0 c6 8. h3 Be6 9. d4 f6 10. Be3 Nd7 11. d5 cxd5 12. exd5 Bf7 13. f4 Nb6 14. Rb1 Nc4 15. Bf2 a6 16. a4 Rc8 17. b3 Nb6 18. a5 Nd7 19. b4 Qc7 20. Qd3 f5 21. Qd2 exf4 22. Bd4 Bxd4+ 23. Qxd4 fxg3 24. Qh4 Ne5 25. Nf4 Qxc3 26. Qxe7 Qc7 27. Qh4 Qd7 28. Qxg3 Rxc2 29. Rbd1 Rfc8 30. Ne6 Qe7 31. Qe3 Kh8 32. Nd4 R2c3 33. Qh6 Qf8 34. Qg5 Qd8 35. Qh6 Qf6 36. Rxf5 Qg7 37. Qxg7+ Kxg7 38. Rf2 Kg8 39. b5 Rc1 40. Rff1 Rxd1 41. Rxd1 Rc5 42. bxa6 bxa6 43. Nc6 Nc4 44. Rc1 Be8 45. Bf1 Ne3 46. Rxc5 dxc5 47. Bxa6 Nxd5 48. Nd8 Nc7 49. Bc4+ Kf8 50. a6 Ke7 51. Nb7 Kd7 52. Nxc5+ Kc6 53. Ne4 Bd7 54. Nf6 h5 55. Kg2 Bf5 56. Kg3 Kb6 57. h4 Nxa6 58. Bxa6 Kxa6 59. Kf4 Kb7 60. Nxh5 Kc7 61. Kg5 Kd6 62. Nf4 Ke7 63. Nxg6+ Bxg6 64. Kxg6 Kf8 65. Kh7 1/2-1/2

[Event "Bratto op 24th"]
[Site "Bratto"]
[Date "2004.08.28"]
[Round "9"]
[White "Manzoni, Alessandro"]
[Black "Bentivegna, Francesco"]
[Result "1-0"]
[WhiteElo "2070"]
[BlackElo "2250"]
[PlyCount "69"]
[EventDate "2004.08.20"]
[EventType "swiss"]
[EventRounds "9"]
[EventCountry "ITA"]
[SourceTitle "CBM 101 Extra"]
[Source "ChessBase"]
[SourceDate "2004.09.01"]
[SourceVersion "2"]
[SourceVersionDate "2004.09.01"]
[SourceQuality "1"]

1. e4 e5 2. Nc3 Nf6 3. g3 Nc6 4. Bg2 Bc5 5. Nge2 a6 6. 0-0 d6 7. h3 h5 8. d3 h4 9. Bg5 hxg3 10. Nxg3 Bxh3 11. Bxh3 Rxh3 12. Kg2 Qd7 13. Nf5 Rh7 14. Bxf6 gxf6 15. Nd5 0-0-0 16. Nxf6 Qe6 17. Nxh7 Qg6+ 18. Ng3 Rg8 19. Qd2 Qxh7 20. Rh1 Qg7 21. Qh6 Nd4 22. Qxg7 Rxg7 23. c3 Ne2 24. Rad1 Kd7 25. Kf3 Nxg3 26. fxg3 Ke7 27. Rh5 Bb6 28. Rdh1 c6 29. Rh7 Rxh7 30. Rxh7 d5 31. Rh8 Bc7 32. Kg4 b6 33. Kf5 a5 34. Rc8 Kd7 35. Rxc7+ 1-0

[Event "Melegnano op 3rd"]
[Site "Melegnano"]
[Date "2004.02.15"]
[Round "5"]
[White "Manzoni, Alessandro"]
[Black "Rossi, Giampiero"]
[Result "1-0"]
[WhiteElo "2045"]
[BlackElo "2048"]
[PlyCount "69"]
[EventDate "2004.02.13"]
[EventType "swiss"]
[EventRounds "5"]
[EventCountry "ITA"]
[SourceTitle "EXT 2008"]
[Source "ChessBase"]
[SourceDate "2007.11.25"]
[SourceVersion "1"]
[SourceVersionDate "2007.11.25"]
[SourceQuality "1"]

1. e4 c5 2. Nc3 e6 3. g3 Nc6 4. Bg2 d6 5. Nge2 g6 6. d3 Bg7 7. 0-0 Nge7 8. Bg5 0-0 9. Qd2 f6 10. Bh6 Rb8 11. Bxg7 Kxg7 12. h4 b5 13. Nd1 e5 14. Ne3 Be6 15. f4 Ng8 16. f5 Bf7 17. g4 Qe7 18. Ng3 Qc7 19. g5 Nce7 20. Ng4 fxg5 21. f6+ Nxf6 22. Nxf6 gxh4 23. Ne2 Bxa2 24. Qg5 Bg8 25. Nh5+ Kh8 26. Qh6 Nf5 27. exf5 gxh5 28. Qxh5 Qe7 29. Nc3 Bf7 30. Qh6 Rg8 31. f6 Qb7 32. Qg7+ Rxg7 33. fxg7+ Kxg7 34. Bxb7 Rxb7 35. Ne4 1-0

[Event "Melegnano op 3rd"]
[Site "Melegnano"]
[Date "2004.02.14"]
[Round "3"]
[White "Dassisti, Alberto"]
[Black "Manzoni, Alessandro"]
[Result "1-0"]
[WhiteElo "1783"]
[BlackElo "2045"]
[PlyCount "85"]
[EventDate "2004.02.13"]
[EventType "swiss"]
[EventRounds "5"]
[EventCountry "ITA"]
[SourceTitle "EXT 2008"]
[Source "ChessBase"]
[SourceDate "2007.11.25"]
[SourceVersion "1"]
[SourceVersionDate "2007.11.25"]
[SourceQuality "1"]

1. e4 d6 2. Nc3 Nf6 3. d3 e5 4. Bd2 Nc6 5. Nce2 g6 6. Bg5 h6 7. Bd2 Bg7 8. Qc1 b6 9. Ng3 Bb7 10. h4 Ne7 11. h5 g5 12. Nf3 Nh7 13. Be2 Qd7 14. Nh2 Nf6 15. f3 0-0-0 16. Nhf1 Rhe8 17. Ne3 Nc6 18. Ngf5 Bf8 19. g4 d5 20. a3 Nd4 21. Nxd4 exd4 22. Nf5 dxe4 23. dxe4 Nxe4 24. fxe4 Bxe4 25. 0-0 Bxf5 26. Ba6+ Kb8 27. Rxf5 Re4 28. Qd1 Bd6 29. Qf3 Rde8 30. Bd3 R4e7 31. Bb5 c6 32. Bxc6 Qc7 33. Bxe8 Qxc2 34. Rxf7 Qxb2 35. Rxe7 Qxa1+ 36. Re1 Qb2 37. Qe2 Qb3 38. Qg2 Bg3 39. Rc1 Bf4 40. Bxf4+ gxf4 41. Qf2 f3 42. Qg3+ Kb7 43. Qc7+ 1-0

[Event "Milan Crespi op 24th"]
[Site "Milan"]
[Date "2003.12.08"]
[Round "5"]
[White "Manzoni, Alessandro"]
[Black "Berra, Davide"]
[Result "1/2-1/2"]
[WhiteElo "2034"]
[BlackElo "2207"]
[PlyCount "108"]
[EventDate "2003.12.05"]
[EventType "swiss"]
[EventRounds "6"]
[EventCountry "ITA"]
[SourceTitle "EXT 2005"]
[Source "ChessBase"]
[SourceDate "2004.11.15"]
[SourceVersion "1"]
[SourceVersionDate "2004.11.15"]
[SourceQuality "1"]

1. e4 e6 2. Nc3 d5 3. g3 Nf6 4. e5 Nfd7 5. f4 b6 6. Bg2 Bb7 7. Nf3 Be7 8. d3 0-0 9. Bd2 a6 10. h4 d4 11. Ne2 c5 12. c3 Nc6 13. cxd4 Nxd4 14. Nexd4 cxd4 15. Qe2 Ra7 16. 0-0 Nc5 17. b4 Na4 18. Rac1 Nc3 19. Bxc3 Bxf3 20. Bxf3 dxc3 21. Qe4 Rc7 22. Rc2 Qd7 23. Rfc1 Rfc8 24. Bg4 g6 25. h5 Kg7 26. Kg2 Qc6 27. Qxc6 Rxc6 28. Bf3 R6c7 29. hxg6 hxg6 30. a3 a5 31. bxa5 bxa5 32. a4 Ba3 33. Rd1 Bb2 34. Re1 Rb8 35. Re4 Rb3 36. Kf2 Kf8 37. Rd4 Ke7 38. Ke3 Rb4 39. Bd1 Rc5 40. Rh2 Rc8 41. Bc2 Bc1+ 42. Ke4 Rb2 43. Rc4 Kd7 44. Rxc8 Kxc8 45. d4 Kd7 46. Kd3 Bd2 47. Rh8 Rb4 48. Ra8 Be1 49. Rxa5 Bxg3 50. Ra7+ Ke8 51. Kxc3 Be1+ 52. Kd3 Rxd4+ 53. Kxd4 Bf2+ 54. Kc4 Bxa7 1/2-1/2

[Event "Milan Crespi op 24th"]
[Site "Milan"]
[Date "2003.12.07"]
[Round "3"]
[White "Mazzini, Antonio"]
[Black "Manzoni, Alessandro"]
[Result "1/2-1/2"]
[WhiteElo "2131"]
[BlackElo "2034"]
[PlyCount "52"]
[EventDate "2003.12.05"]
[EventType "swiss"]
[EventRounds "6"]
[EventCountry "ITA"]
[SourceTitle "EXT 2005"]
[Source "ChessBase"]
[SourceDate "2004.11.15"]
[SourceVersion "1"]
[SourceVersionDate "2004.11.15"]
[SourceQuality "1"]

1. d4 d5 2. c4 c6 3. Nc3 Nf6 4. Nf3 e6 5. cxd5 cxd5 6. Bg5 Be7 7. Qc2 0-0 8. e3 Ne4 9. Bxe7 Qxe7 10. Bd3 f5 11. 0-0 Nd7 12. Rab1 g5 13. b4 g4 14. Nd2 Qh4 15. f4 Rf6 16. Bxe4 fxe4 17. g3 Qh5 18. a4 Rh6 19. Rf2 Nf8 20. Nb3 Ng6 21. Qe2 Ne7 22. Nc5 Nf5 23. Rg2 Qg6 24. Rb2 Qg7 25. Qd2 Nd6 26. Qe2 Nf5 1/2-1/2

[Event "Gorgonzola op 8th"]
[Site "Gorgonzola"]
[Date "2003.11.16"]
[Round "3"]
[White "Manzoni, Alessandro"]
[Black "Bisignano, Giuseppe"]
[Result "0-1"]
[WhiteElo "2034"]
[BlackElo "2055"]
[PlyCount "96"]
[EventDate "2003.11.15"]
[EventType "swiss"]
[EventRounds "6"]
[EventCountry "ITA"]
[SourceTitle "EXT 2007"]
[Source "ChessBase"]
[SourceDate "2006.11.23"]
[SourceVersion "1"]
[SourceVersionDate "2006.11.23"]
[SourceQuality "1"]

1. e4 d6 2. Nc3 g6 3. g3 Bg7 4. Bg2 Nf6 5. Nge2 0-0 6. 0-0 e5 7. d3 Nbd7 8. h3 c6 9. Bg5 h6 10. Be3 Nh7 11. f4 f5 12. Qd2 exf4 13. Nxf4 Ne5 14. b3 Qf6 15. d4 Nf7 16. exf5 gxf5 17. Nh5 Qg6 18. Nxg7 Kxg7 19. Ne2 d5 20. Nf4 Qd6 21. Nh5+ Kh8 22. h4 Bd7 23. Nf4 Rg8 24. Kh2 Nf6 25. Bf3 Ng4+ 26. Bxg4 Rxg4 27. h5 Rag8 28. Rg1 Ng5 29. Qe2 Ne4 30. Ng6+ R8xg6 31. hxg6 Rxg3 32. Rxg3 Qxg3+ 33. Kh1 f4 34. Qh5 Qg5 35. Qxg5 hxg5 36. Bc1 Kg7 37. Kg2 Kxg6 38. c4 Kf5 39. Ba3 g4 40. Be7 f3+ 41. Kg1 g3 42. cxd5 cxd5 43. Rc1 Kf4 44. Bd8 f2+ 45. Kg2 Bb5 46. Bc7+ Ke3 47. Bb8 Be2 48. Bxg3 f1Q+ 0-1

[Event "Bratto op 23rd"]
[Site "Bratto"]
[Date "2003.08.28"]
[Round "8"]
[White "Scacco, Mauro"]
[Black "Manzoni, Alessandro"]
[Result "0-1"]
[WhiteElo "2090"]
[BlackElo "2034"]
[PlyCount "60"]
[EventDate "2003.08.21"]
[EventType "swiss"]
[EventRounds "9"]
[EventCountry "ITA"]
[SourceTitle "EXT 2004"]
[Source "ChessBase"]
[SourceDate "2003.11.25"]
[SourceVersion "1"]
[SourceVersionDate "2003.11.25"]
[SourceQuality "1"]

1. e4 d6 2. d4 Nf6 3. Nc3 g6 4. f4 Bg7 5. Nf3 c5 6. dxc5 Qa5 7. Bd3 Qxc5 8. Qe2 0-0 9. Be3 Qa5 10. 0-0 Bg4 11. h3 Bxf3 12. Qxf3 Nc6 13. Qf2 Nd7 14. Rab1 Nc5 15. Bxc5 dxc5 16. e5 f6 17. Bc4+ Kh8 18. Ne4 fxe5 19. Qh4 exf4 20. Ng5 h6 21. Rbe1 Qd2 22. Bd3 c4 23. Re6 cxd3 24. Rxg6 Rf6 25. Rxf6 exf6 26. Nf7+ Kh7 27. cxd3 Ne5 28. Nxh6 Bxh6 29. Qxf6 Rg8 30. Rf2 Qe1+ 0-1

[Event "Bratto op 23rd"]
[Site "Bratto"]
[Date "2003.08.24"]
[Round "4"]
[White "Lucaroni, Massimiliano"]
[Black "Manzoni, Alessandro"]
[Result "1-0"]
[WhiteElo "2295"]
[BlackElo "2034"]
[PlyCount "77"]
[EventDate "2003.08.21"]
[EventType "swiss"]
[EventRounds "9"]
[EventCountry "ITA"]
[SourceTitle "EXT 2004"]
[Source "ChessBase"]
[SourceDate "2003.11.25"]
[SourceVersion "1"]
[SourceVersionDate "2003.11.25"]
[SourceQuality "1"]

1. e4 d6 2. d4 Nf6 3. Nc3 g6 4. f4 Bg7 5. Nf3 c5 6. dxc5 Qa5 7. Bd3 Qxc5 8. Qe2 0-0 9. Be3 Qa5 10. Bd2 Qd8 11. e5 Ng4 12. h3 Nh6 13. g4 Nc6 14. 0-0-0 dxe5 15. fxe5 Nd4 16. Nxd4 Qxd4 17. Bg5 Nxg4 18. hxg4 Bxg4 19. Qh2 h5 20. Be2 Qxe5 21. Qxe5 Bxe5 22. Bxg4 hxg4 23. Bxe7 Rfe8 24. Nd5 Kg7 25. Rde1 f6 26. Ref1 Rh8 27. Rhg1 f5 28. c3 Rh3 29. Re1 Bg3 30. Bf6+ Kf8 31. Re7 Bh4 32. Rd7 Bxf6 33. Nxf6 g3 34. Nh7+ Rxh7 35. Rxh7 Kg8 36. Rh4 Kf7 37. Rxg3 Rd8 38. Ra4 Kg7 39. Rxa7 1-0

[Event "Bratto op 22nd"]
[Site "Bratto"]
[Date "2002.08.20"]
[Round "1"]
[White "Astengo, Corrado"]
[Black "Manzoni, Alessandro"]
[Result "1/2-1/2"]
[WhiteElo "2195"]
[BlackElo "2025"]
[PlyCount "56"]
[EventDate "2002.08.20"]
[EventType "swiss"]
[EventRounds "9"]
[EventCountry "ITA"]
[SourceTitle "EXT 2003"]
[Source "ChessBase"]
[SourceDate "2002.11.25"]
[SourceVersion "1"]
[SourceVersionDate "2002.11.25"]
[SourceQuality "1"]

1. e4 d6 2. d4 Nf6 3. Nc3 g6 4. g3 Bg7 5. Bg2 0-0 6. Nge2 e5 7. 0-0 Nc6 8. dxe5 Nxe5 9. h3 h6 10. f4 Nc6 11. Be3 Re8 12. Qd2 Kh7 13. Rad1 Be6 14. b3 Qe7 15. Nd4 Bd7 16. Rde1 Nxd4 17. Bxd4 Bc6 18. Qf2 Qd7 19. Re2 b6 20. Rd1 Ng8 21. Bxg7 Kxg7 22. Qd4+ f6 23. Kh2 Rad8 24. h4 Qf7 25. Bh3 Ne7 26. Qf2 Bd7 27. Bxd7 Rxd7 28. Qd4 h5 1/2-1/2

[Event "Crema op 03rd"]
[Site "Crema"]
[Date "2001.09.08"]
[Round "4"]
[White "Manzoni, Alessandro"]
[Black "Ceresoli, Luigi"]
[Result "0-1"]
[WhiteElo "2053"]
[BlackElo "2176"]
[PlyCount "68"]
[EventDate "2001.09.07"]
[EventType "swiss"]
[EventRounds "6"]
[EventCountry "ITA"]
[SourceTitle "EXT 2007"]
[Source "ChessBase"]
[SourceDate "2006.11.23"]
[SourceVersion "1"]
[SourceVersionDate "2006.11.23"]
[SourceQuality "1"]

1. e4 e5 2. Nf3 Nc6 3. Bc4 Nf6 4. d3 Bc5 5. Be3 Bb6 6. 0-0 d6 7. a3 0-0 8. Nc3 h6 9. h3 Be6 10. Bxe6 fxe6 11. Na4 Bd4 12. Bxd4 exd4 13. b4 b5 14. Nb2 e5 15. Kh2 Qe8 16. Nh4 Ne7 17. c4 g5 18. Nf5 Nxf5 19. exf5 a6 20. a4 Kg7 21. Rc1 Rc8 22. c5 Nd5 23. cxd6 cxd6 24. Rxc8 Qxc8 25. Qd2 Nf4 26. f3 Qc3 27. Qxc3 dxc3 28. Nd1 Rc8 29. Ne3 Nxd3 30. Nc2 d5 31. Rd1 Nf4 32. g3 d4 33. h4 d3 34. hxg5 hxg5 0-1

[Event "Bratto op 20th"]
[Site "Bratto"]
[Date "2000.??.??"]
[Round "4"]
[White "Manzoni, Alessandro"]
[Black "Marta, Daniele"]
[Result "1-0"]
[WhiteElo "2115"]
[BlackElo "2007"]
[PlyCount "47"]
[EventDate "2000.08.25"]
[EventType "swiss"]
[EventRounds "9"]
[EventCountry "ITA"]
[SourceTitle "CBM 077 Extra"]
[Source "ChessBase"]
[SourceDate "2000.09.14"]
[SourceVersion "1"]
[SourceVersionDate "2000.09.14"]
[SourceQuality "1"]

1. e4 e6 2. d3 d5 3. Nd2 Nf6 4. g3 c5 5. Bg2 Nc6 6. Ngf3 Be7 7. 0-0 0-0 8. Re1 b5 9. h4 Ba6 10. e5 Nd7 11. Nf1 Rc8 12. N1h2 c4 13. d4 b4 14. Bf1 Qa5 15. Ng5 c3 16. b3 Bxf1 17. Rxf1 Qb6 18. Be3 a5 19. Kg2 Nd8 20. Qh5 h6 21. Ng4 Bxg5 22. hxg5 hxg5 23. Rh1 f5 24. Nh6+ 1-0